| 000 | 01093nam a2200289Ia 4500 | ||
|---|---|---|---|
| 003 | OSt | ||
| 005 | 20220923211342.0 | ||
| 006 | a|||||r|||| 00| 0 | ||
| 007 | ta | ||
| 008 | 220922b |||||||| |||| 00| 0 hin d | ||
| 020 |
_a9788183612074 (pbk) _c150 |
||
| 024 | _a289,355 | ||
| 037 |
_b9553, 16/03/2016, Rajkamal Prakashan Pvt. Ltd _cTextual |
||
| 040 |
_aARTS _cARTS _bhin |
||
| 041 |
_2hin _ahin |
||
| 082 | _aO152,1I00:g, K5;Q6 | ||
| 100 |
_aस्नातक, विजयेन्द्र, संपा. _9156505 |
||
| 245 | 0 | _aकबीर | |
| 246 | _aKabīra | ||
| 250 | _a10वॉं संस्करण | ||
| 260 |
_aनई दिल्ली _b राधाकृष्ण _c2016 |
||
| 300 |
_a239पृ. _ccm. |
||
| 490 | _aराधाकृष्ण मूल्यांकन माला | ||
| 650 |
_aहिन्दी साहित्य _9156264 |
||
| 942 |
_hO152,1I00:g, K5;Q6 _cTEXL _2CC |
||
| 999 |
_c298715 _d298715 |
||